01157nam a2200193Ia 4500001001100000003001000011008004100021040002500062041001300087100003800100245007500138250001100213260006100224300001200285500026000297501011400557520026000671650003200931L540-26047IT-CnALBA170116s9999||||xx |||||||||||||| ||und|| aIT-CnALBAcIT-CnALBA aITALIANO aNICOLOSI RONCATI FRANCESCO, PROF. 0aCHIMICA. CON LETTURE E APPENDICE DI ESPERIENZE DIDATTICHE. PER LICEI.  a7a ed. a ROMAbSIGNORELLI ANGELO, EDITORE c1936 [1° Ed.: n.d.] a215 p.  aINDICE ANALITICO. ILLUSTRAZIONI IN BIANCO E NERO NEL TESTO. DISEGNI NEL TESTO. DONO DI GROSSO V. SSP. ACIDI. ACQUA. ALCALOIDI. ALCOOL. ALOGENI. ANIDRIDE. ATOMI. CARBONIO. CARBONE CRISTALLI. DIALISI. ELETTROLISI. ETILENE. FENOMENI CHIMICI. FORMULE. GAS. GL aSocietà San Paolo EM - Piazza San Paolo, 14 - 12051 ALBA (CN) (non commercial uses only) ® Copyright 2017 aINDICE ANALITICO. ILLUSTRAZIONI IN BIANCO E NERO NEL TESTO. DISEGNI NEL TESTO. DONO DI GROSSO V. SSP. ACIDI. ACQUA. ALCALOIDI. ALCOOL. ALOGENI. ANIDRIDE. ATOMI. CARBONIO. CARBONE CRISTALLI. DIALISI. ELETTROLISI. ETILENE. FENOMENI CHIMICI. FORMULE. GAS. GL aCHIMICA E SCIENZE COLLEGATE